| 000 | 00805 a2200193 4500 | ||
|---|---|---|---|
| 005 | 20240802160823.0 | ||
| 010 | _aB-758970 | ||
| 020 |
_a9788119206216 _c160.00 |
||
| 035 | _aB-758970 | ||
| 037 | _bउपहार | ||
| 082 | _aउ | ||
| 100 |
_aमनु, प्रकाश _969379 |
||
| 245 |
_aसांता क्लोज का पिटारा/ _cप्रकाश मनु |
||
| 260 |
_aदिल्ली _bअदिक पब्लिकेशन _c2023 |
||
| 270 |
_a41 हसनपुर आई.पी एक्सटेंशन पटपड़गंज _bदिल्ली _e110092 |
||
| 300 |
_a48 पृष्ठ.; _c24cm. (आजिल्द) |
||
| 942 |
_adpl _cCH _2ddc _hउ _mमनुप्र |
||
| 999 |
_c202720 _d202720 |
||